| 000 | 00562nam a2200169Ia 4500 | ||
|---|---|---|---|
| 003 | LK-CoDNM | ||
| 008 | 010623t1963 xxu||||| |||| 00| 1 sin d | ||
| 040 |
_aLK-CoDNM _dLK-CoDNM _eLK-CoDNM |
||
| 041 | _asin | ||
| 080 | _a338 | ||
| 100 | _aIndrarathna,A.D.V.D.S | ||
| 245 | _aජාතික ආදායම,බදූ අයකිරිම හා ආර්ථික සංවර්ධනය | ||
| 246 | _aJathika Adayama,Badu Ayakirima Ha Arthika Sanwardeanaya | ||
| 260 |
_bSaman Prakashakayo _aMaharagama _c1963 |
||
| 300 | _b159p.;17.5 cm cm | ||
| 942 | _cBK | ||
| 999 |
_c106332 _d106332 |
||